| 000 | 00379nam a2200133Ia 4500 | ||
|---|---|---|---|
| 008 | 230519s9999 xx 000 0 und d | ||
| 041 | _aeng | ||
| 082 | _aX/891/YED/DB0076 | ||
| 100 |
_aYedekar Sham _9180242 |
||
| 245 | _aBharatiy Swatantra Ladhyatil Striyanche Yogdan -Maharashtra | ||
| 260 |
_bRajhans Prakashan _aKolhapur _c2007 |
||
| 300 | _a435p | ||
| 999 |
_c158903 _d158903 |
||